00836naa a2200145 i 45000010005000000030009000050050017000140080039000310400021000701000139000912450158002306550030003887000128004187730144005469414KOSZ 00520180328103855.0140512s1988 pl f |100 0 pol cBPKdKOSZ 005/EG1 aSTAŚKIEWICZ, Jan.d1973 - 1996.bWyższa Szkoła Inżynierska w Koszalinie - Wydział Mechaniczny,cZakład Fizyki Ciała Stałego10aWarstwy azotku tytanu otrzymywane zmodyfikowaną metodą reaktywnego stałoprądowego rozpylania magnetronowego /cJ. Staśkiewicz, A. Czyżniewski. 0aMateriały konferencyjne.1 aCZYŻNIEWSKI, Andrzej.bWyższa Szkoła Inżynierska w Koszalinie - Wydział Mechaniczny,cZakład Fizyki d1975 - 1996.0 iW :tMateriały Konferencji Naukowo-Technicznej : „Techniki wytwarzania warstw powierzchniowych metali". -dRzeszów, 1988. -gs. 99-103